000 00554nam a2200229Ia 4500
003 OSt
005 20221005123932.0
006 a|||||r|||| 00| 0
007 ta
008 221004b |||||||| |||| 00| 0 tam d
024 _a52739
037 _cTextual
040 _aCRL
_cCRL
_btam
041 _2tam
_atam
082 _aW:59, 31J6
100 _aMazzini Au.
_9634465
245 0 _aManithan kadamai
260 _c1956
650 _aPOLITICAL SCIENCE
942 _hW:59, 31J6
_cTEXL
_2cc
999 _c1048987
_d1048987